Central Library OPAC University of Rajshahi

Tabellen zur Fourier Transformation / (Record no. 7702)

MARC details
000 -LEADER
fixed length control field 01055cam a22002891 4500
001 - CONTROL NUMBER
control field 7702
003 - CONTROL NUMBER IDENTIFIER
rucl marc code BD-RjUL
005 - DATE AND TIME OF LATEST TRANSACTION
control field 20211208234448.0
008 - FIXED-LENGTH DATA ELEMENTS--GENERAL INFORMATION
fixed length control field 140115s1957 gw b 000 0 ger
035 ## - SYSTEM CONTROL NUMBER
System control number (BD-RjUL)7746
040 ## - CATALOGING SOURCE
Original cataloging agency DLC/ICU
Transcribing agency ICU
Modifying agency DLC
Language of cataloging eng
041 ## - LANGUAGE CODE
Language code of text/sound track or separate title eng
082 ## - DEWEY DECIMAL CLASSIFICATION NUMBER
Edition number 20
Classification number 515.723
Author mark and year OBT 1957
100 1# - MAIN ENTRY--PERSONAL NAME
Personal name Oberhettinger, Fritz.
9 (RLIN) 24021
245 10 - TITLE STATEMENT
Title Tabellen zur Fourier Transformation /
Statement of responsibility, etc. Fritz Oberhettinger
260 ## - PUBLICATION, DISTRIBUTION, ETC. (IMPRINT)
Place of publication, distribution, etc. Berlin :
Name of publisher, distributor, etc. Springer,
Date of publication, distribution, etc. c1957.
300 ## - PHYSICAL DESCRIPTION
Pagination x, 213, [1] p.
Size 24 cm.
490 1# - SERIES STATEMENT
Series statement Die Grundlehren der mathematischen Wissenschaften in Einzeldarstellungen mit besonderer Berücksichtigung der Anwendungsgebiete,
Volume/sequential designation Bd. 90
504 ## - BIBLIOGRAPHY, ETC. NOTE
Bibliography, etc Bibliography: p. [214] and index.
650 #0 - SUBJECT ADDED ENTRY--TOPICAL TERM
Topical term or geographic name as entry element Fourier transformations.
9 (RLIN) 19726
Topical term or geographic name as entry element Mathematics
General subdivision Tables.
9 (RLIN) 20017
830 #0 - SERIES ADDED ENTRY--UNIFORM TITLE
Volume number/sequential designation Bd. 90.
Uniform title Grundlehren der mathematischen Wissenschaften in Einzeldarstellungen mit besonderer Berücksichtigung der Anwendungsgebiete ;
942 ## - ADDED ENTRY ELEMENTS (KOHA)
Source of classification or shelving scheme Dewey Decimal Classification
Koha item type Books
Holdings
Lost status Source of classification or shelving scheme Damaged status Not for loan Collection code Permanent Location Current Location Shelving location Date acquired Source of acquisition Cost, normal purchase price Total Checkouts Full call number Date last seen Copy number Koha item type
  Dewey Decimal Classification   Not For Loan Non-fiction Central Library, University of Rajshahi Central Library, University of Rajshahi   12/04/1964 Zeitlinger 42.00   515.723 OBT 1957 15/01/2014 C-1 Books